| 000 | 00736nam a22002177a 4500 | ||
|---|---|---|---|
| 003 | UA-OsUOA | ||
| 001 | 129013 | ||
| 007 | ta | ||
| 008 | 20180213b un ||||| |||| 00| 0 ukr d | ||
| 090 |
_a321.7(100) _bМ77 |
||
| 942 | _cRB | ||
| 040 |
_aUA-OsUOA _brus _cUA-OsUOA _dUA-OsUOA |
||
| 245 |
_aМонархія или республика? _bкультурно-историческіе очерки _cсоч. К. Фроме |
||
| 300 | _a497 с. | ||
| 955 | _a2 | ||
| 041 |
_arus _hМова оригіналу |
||
| 080 | _a321.7(100) | ||
| 260 |
_aСПб _bПросвъщеніе _c1896 |
||
| 650 | 7 |
_a321 Форми політичних організацій. Держави як політичні влади _2UDC |
|
| 999 |
_c416773 _d416773 |
||